[Event "BCF-chT2d 1415 (4NCL) Demotion pool"]
[Site "England"]
[Date "2015.05.03"]
[Round "10.18"]
[White "Jones, William EG"]
[Black "MacDonald Ross, Michael"]
[Result "1/2-1/2"]
[WhiteElo "2113"]
[BlackElo "2117"]
[PlyCount "60"]
[EventDate "2015.03.29"]
[EventType "team-tourn"]
[EventRounds "11"]
[EventCountry "ENG"]
[SourceTitle "EXT 2016"]
[Source "ChessBase"]
[SourceDate "2015.10.08"]
[SourceVersion "1"]
[SourceVersionDate "2015.10.08"]
[SourceQuality "1"]
[WhiteTeam "KJCA Kings"]
[BlackTeam "MK Phoenix"]
[WhiteTeamCountry "ENG"]
[BlackTeamCountry "ENG"]

1. e4 d6 2. d4 Nf6 3. Nc3 c6 4. f4 Qa5 5. Bd3 e5 6. Nf3 Nbd7 7. Qe2 Be7 8. Bd2 Qc7 9. a4 0-0 10. 0-0 b6 11. Kh1 a6 12. dxe5 dxe5 13. f5 Bb7 14. Rg1 Bc5 15. Be3 b5 16. g4 Qb6 17. Bxc5 Qxc5 18. g5 Nh5 19. Nxe5 Qxe5 20. Qxh5 g6 21. Qf3 b4 22. Ne2 c5 23. Ng3 Qxb2 24. f6 Ne5 25. Qf4 c4 26. Bxc4 Nxc4 27. Qc7 Na5 28. Qxa5 Rac8 29. Rab1 Qxc2 30. Qxb4 Ba8 1/2-1/2

[Event "BCF-chT2b 1415 (4NCL)"]
[Site "England"]
[Date "2014.11.15"]
[Round "1.51"]
[White "MacDonald Ross, Michael"]
[Black "Snuverink, Jochem"]
[Result "0-1"]
[WhiteElo "2130"]
[BlackElo "2341"]
[PlyCount "66"]
[EventDate "2014.11.15"]
[EventType "team-tourn"]
[EventRounds "7"]
[EventCountry "ENG"]
[SourceTitle "CBM 163 Extra"]
[Source "ChessBase"]
[SourceDate "2014.12.23"]
[SourceVersion "1"]
[SourceVersionDate "2014.12.23"]
[SourceQuality "1"]
[WhiteTeam "MK Phoenix"]
[BlackTeam "Kings Head"]
[WhiteTeamCountry "ENG"]
[BlackTeamCountry "ENG"]

1. d4 Nf6 2. Nf3 e6 3. e3 c5 4. Bd3 Qc7 5. b3 cxd4 6. exd4 Bb4+ 7. Bd2 Be7 8. c4 a6 9. Nc3 d6 10. 0-0 Nbd7 11. Re1 0-0 12. Nd5 Nxd5 13. cxd5 Nf6 14. Rc1 Qb6 15. dxe6 Bxe6 16. Ng5 d5 17. Bf4 Rac8 18. Rxc8 Rxc8 19. Nxe6 fxe6 20. Qe2 Rc6 21. Be5 Qb4 22. Kf1 Nd7 23. Qh5 Nf8 24. Qg4 g6 25. g3 Qd2 26. Qe2 Qxe2+ 27. Rxe2 Rc1+ 28. Re1 Rc3 29. Ke2 Nd7 30. Bf4 Bf6 31. Bd2 Rc8 32. Ke3 Nb8 33. Rc1 Nc6 0-1

[Event "BCF-chT3S 1314 (4NCL)"]
[Site "England"]
[Date "2013.11.16"]
[Round "1.115"]
[White "Moore, Gerald C"]
[Black "MacDonald Ross, Michael"]
[Result "0-1"]
[WhiteElo "2225"]
[BlackElo "2128"]
[PlyCount "52"]
[EventDate "2013.11.16"]
[EventType "team-swiss"]
[EventRounds "6"]
[EventCountry "ENG"]
[SourceTitle "CBM 157 Extra"]
[Source "ChessBase"]
[SourceDate "2013.12.19"]
[SourceVersion "1"]
[SourceVersionDate "2013.12.19"]
[SourceQuality "1"]
[WhiteTeam "Broadland"]
[BlackTeam "MK Phoenix"]
[WhiteTeamCountry "ENG"]
[BlackTeamCountry "ENG"]

1. Nf3 Nf6 2. c4 e6 3. g3 d5 4. Bg2 Be7 5. 0-0 0-0 6. b3 c5 7. Bb2 Nc6 8. e3 b6 9. Nc3 Ba6 10. Qe2 Rc8 11. Nb5 Bb7 12. d3 a6 13. Nc3 Re8 14. Rad1 Qc7 15. cxd5 exd5 16. Bh3 Rcd8 17. d4 cxd4 18. Nxd4 Nxd4 19. exd4 Bb4 20. Qd3 Ne4 21. Rc1 Qd6 22. Rc2 Qg6 23. Bg2 Nxc3 24. Qxg6 hxg6 25. Bxc3 Rc8 26. Rfc1 Ba3 0-1

[Event "4NCL-chT rapid"]
[Site "Daventry"]
[Date "2013.10.05"]
[Round "5.4"]
[White "MacDonald Ross, Michael"]
[Black "Talsma, Paul"]
[Result "0-1"]
[WhiteElo "2128"]
[BlackElo "2192"]
[PlyCount "40"]
[EventDate "2013.10.05"]
[EventType "team-swiss (rapid)"]
[EventRounds "7"]
[EventCountry "ENG"]
[SourceTitle "CBM 156 Extra"]
[Source "ChessBase"]
[SourceDate "2013.10.22"]
[SourceVersion "1"]
[SourceVersionDate "2013.10.22"]
[SourceQuality "1"]
[WhiteTeam "Phoenix"]
[BlackTeam "RSJ"]
[WhiteTeamCountry "ENG"]
[BlackTeamCountry "ENG"]

1. d4 f5 2. g3 Nf6 3. Bg2 d6 4. Nf3 c6 5. 0-0 Qc7 6. c4 e5 7. Nc3 e4 8. Ne1 Be7 9. f3 exf3 10. Nxf3 0-0 11. d5 Ne4 12. Nxe4 fxe4 13. Nd4 Rxf1+ 14. Qxf1 Bf6 15. Be3 Na6 16. Bxe4 Nc5 17. Bc2 Qe7 18. Qf2 Bd7 19. Rf1 Ne4 20. Qf4 Bg5 0-1

[Event "EU-chT Seniors 15th"]
[Site "Dresden"]
[Date "2013.07.28"]
[Round "9"]
[White "MacDonald Ross, Michael"]
[Black "Vucenovic, Dragomir"]
[Result "1/2-1/2"]
[WhiteElo "2136"]
[BlackElo "2271"]
[PlyCount "68"]
[EventDate "2013.07.20"]
[EventType "team-swiss"]
[EventRounds "9"]
[EventCountry "GER"]
[SourceTitle "CBM 155 Extra"]
[Source "ChessBase"]
[SourceDate "2013.08.26"]
[SourceVersion "1"]
[SourceVersionDate "2013.08.26"]
[SourceQuality "1"]
[WhiteTeam "England II"]
[BlackTeam "Switzerland"]
[WhiteTeamCountry "ENG"]
[BlackTeamCountry "SUI"]

1. d4 d5 2. Nf3 e6 3. c4 Nf6 4. e3 Be7 5. Nc3 0-0 6. Bd3 b6 7. 0-0 Bb7 8. Qe2 c5 9. cxd5 exd5 10. Bf5 g6 11. Bh3 Bc8 12. Bxc8 Qxc8 13. Rd1 Rd8 14. Bd2 Nc6 15. Be1 Qb7 16. Rac1 Rac8 17. Qc2 Bf8 18. Ne5 Nxe5 19. dxe5 Ne8 20. f4 d4 21. exd4 cxd4 22. Qe4 Qa6 23. Ne2 Bc5 24. Rd3 Ng7 25. b4 Be7 26. Rxc8 Rxc8 27. Rxd4 Qxa2 28. Rd7 Bf8 29. Kf1 a5 30. bxa5 bxa5 31. Nc3 Qc4+ 32. Qxc4 Rxc4 33. Nd5 Ne6 34. g3 a4 1/2-1/2

[Event "EU-chT Seniors 15th"]
[Site "Dresden"]
[Date "2013.07.25"]
[Round "6"]
[White "Singer, Hans"]
[Black "MacDonald Ross, Michael"]
[Result "1-0"]
[WhiteElo "2168"]
[BlackElo "2136"]
[PlyCount "77"]
[EventDate "2013.07.20"]
[EventType "team-swiss"]
[EventRounds "9"]
[EventCountry "GER"]
[SourceTitle "CBM 155 Extra"]
[Source "ChessBase"]
[SourceDate "2013.08.26"]
[SourceVersion "1"]
[SourceVersionDate "2013.08.26"]
[SourceQuality "1"]
[WhiteTeam "Vienna"]
[BlackTeam "England II"]
[WhiteTeamCountry "AUT"]
[BlackTeamCountry "ENG"]

1. Nf3 Nf6 2. c4 e6 3. d4 d5 4. Nc3 Be7 5. Bg5 h6 6. Bh4 0-0 7. e3 b6 8. cxd5 Nxd5 9. Bxe7 Qxe7 10. Nxd5 exd5 11. Rc1 Be6 12. Qa4 Rc8 13. Be2 c5 14. dxc5 bxc5 15. 0-0 a5 16. Rc3 c4 17. Nd4 Qb4 18. Qc2 Nd7 19. e4 Nc5 20. exd5 Bxd5 21. Bxc4 Be4 22. Qc1 Qb7 23. Rg3 Kf8 24. Qf4 Qc7 25. Qg4 Qe5 26. Nb3 Nxb3 27. axb3 Bg6 28. h4 Rd8 29. Qf3 Qe4 30. Qxe4 Bxe4 31. Re3 Bg6 32. Ra1 Rd4 33. g3 f6 34. Re2 Bf7 35. Bxf7 Kxf7 36. Rc2 Rd5 37. Rc7+ Kg6 38. Ra4 h5 39. b4 1-0

[Event "EU-chT Seniors 15th"]
[Site "Dresden"]
[Date "2013.07.20"]
[Round "1"]
[White "MacDonald Ross, Michael"]
[Black "Fleischer, Martin"]
[Result "1-0"]
[WhiteElo "2136"]
[BlackElo "1912"]
[PlyCount "91"]
[EventDate "2013.07.20"]
[EventType "team-swiss"]
[EventRounds "9"]
[EventCountry "GER"]
[SourceTitle "CBM 155 Extra"]
[Source "ChessBase"]
[SourceDate "2013.08.26"]
[SourceVersion "1"]
[SourceVersionDate "2013.08.26"]
[SourceQuality "1"]
[WhiteTeam "England II"]
[BlackTeam "Rochade MV"]
[WhiteTeamCountry "ENG"]
[BlackTeamCountry "GER"]

1. d4 Nf6 2. Nf3 e6 3. e3 d5 4. Bd3 c5 5. b3 cxd4 6. exd4 Nc6 7. Bb2 Bd6 8. 0-0 h6 9. Nbd2 Nb4 10. Be2 Bd7 11. a3 Nc6 12. Bd3 Qc7 13. Re1 0-0 14. Ne5 Be8 15. Qe2 Bxe5 16. dxe5 Nd7 17. c4 dxc4 18. Nxc4 Nb6 19. Qe4 g6 20. Rac1 Nxc4 21. Rxc4 Qe7 22. Bc1 Na5 23. Rc3 Bc6 24. Qe3 Bd5 25. b4 Nc6 26. Qxh6 Rfc8 27. Bxg6 fxg6 28. Rg3 Qh7 29. Rxg6+ Kh8 30. Qg5 Rg8 31. Qf6+ Rg7 32. Rh6 Kg8 33. Rxh7 Rxg2+ 34. Kf1 Kxh7 35. Qh6+ Kg8 36. Bg5 Kf7 37. Qh7+ Ke8 38. Qg8+ Kd7 39. Qxa8 Rxg5 40. Qxb7+ Ke8 41. Qc8+ Kf7 42. Re3 Bc4+ 43. Ke1 Rg6 44. Kd2 Bd5 45. Rg3 Ba2 46. Rg5 1-0

[Event "EU-chT Seniors"]
[Site "Thessaloniki"]
[Date "2011.05.10"]
[Round "8"]
[White "Einarsson, Arnthor"]
[Black "MacDonald Ross, Michael"]
[Result "1/2-1/2"]
[WhiteElo "2227"]
[BlackElo "2157"]
[PlyCount "55"]
[EventDate "2011.05.03"]
[EventType "team-swiss"]
[EventRounds "9"]
[EventCountry "GRE"]
[SourceTitle "CBM 142 Extra"]
[Source "ChessBase"]
[SourceDate "2011.06.27"]
[SourceVersion "1"]
[SourceVersionDate "2011.06.27"]
[SourceQuality "1"]
[WhiteTeam "Iceland"]
[BlackTeam "England II"]
[WhiteTeamCountry "ISL"]
[BlackTeamCountry "ENG"]

1. e4 d6 2. d4 Nf6 3. Nc3 Nbd7 4. Nf3 e5 5. Bc4 Be7 6. h3 0-0 7. Be3 c6 8. a4 b6 9. 0-0 a6 10. Qe2 Bb7 11. Rfd1 b5 12. dxe5 dxe5 13. Bb3 Qc7 14. Nd2 Nc5 15. f3 Rad8 16. Qf2 Nxb3 17. Nxb3 Rxd1+ 18. Nxd1 Nd7 19. Nc3 Re8 20. Rd1 b4 21. Nb1 c5 22. N1d2 Bc6 23. Ra1 c4 24. Nxc4 Bxe4 25. Ncd2 Bg6 26. Rc1 Qc6 27. a5 Nf8 28. c4 1/2-1/2

[Event "EU-chT Seniors"]
[Site "Thessaloniki"]
[Date "2011.05.08"]
[Round "6"]
[White "MacDonald Ross, Michael"]
[Black "Danner, Georg"]
[Result "0-1"]
[WhiteElo "2157"]
[BlackElo "2416"]
[PlyCount "56"]
[EventDate "2011.05.03"]
[EventType "team-swiss"]
[EventRounds "9"]
[EventCountry "GRE"]
[SourceTitle "CBM 142 Extra"]
[Source "ChessBase"]
[SourceDate "2011.06.27"]
[SourceVersion "1"]
[SourceVersionDate "2011.06.27"]
[SourceQuality "1"]
[WhiteTeam "England II"]
[BlackTeam "Austria"]
[WhiteTeamCountry "ENG"]
[BlackTeamCountry "AUT"]

1. d4 Nf6 2. Nf3 e6 3. e3 c5 4. Bd3 b6 5. 0-0 Bb7 6. Nbd2 d5 7. b3 Nc6 8. Bb2 Qc7 9. a3 cxd4 10. exd4 Bd6 11. Re1 Ne7 12. c4 0-0 13. Rc1 dxc4 14. bxc4 Ng6 15. Qb3 Bf4 16. Rc2 Rac8 17. Qa2 Bxd2 18. Nxd2 Bxg2 19. Bxg6 Ng4 20. Bxh7+ Kxh7 21. Re5 Nxe5 22. Kxg2 Nd3 23. Rc3 Qc6+ 24. d5 Nf4+ 25. Kf1 exd5 26. Rg3 Ng6 27. cxd5 Qb5+ 28. Kg1 Rc2 0-1

[Event "EU-chT Seniors"]
[Site "Thessaloniki"]
[Date "2011.05.04"]
[Round "2"]
[White "MacDonald Ross, Michael"]
[Black "Sorensen, Bent"]
[Result "0-1"]
[WhiteElo "2157"]
[BlackElo "2343"]
[PlyCount "64"]
[EventDate "2011.05.03"]
[EventType "team-swiss"]
[EventRounds "9"]
[EventCountry "GRE"]
[SourceTitle "CBM 142 Extra"]
[Source "ChessBase"]
[SourceDate "2011.06.27"]
[SourceVersion "1"]
[SourceVersionDate "2011.06.27"]
[SourceQuality "1"]
[WhiteTeam "England II"]
[BlackTeam "Denmark"]
[WhiteTeamCountry "ENG"]
[BlackTeamCountry "DEN"]

1. d4 Nf6 2. Nf3 e6 3. e3 d5 4. Bd3 Nbd7 5. b3 Bb4+ 6. c3 Bd6 7. Ba3 Bxa3 8. Nxa3 Qe7 9. Nb5 0-0 10. c4 c6 11. Nc3 e5 12. Be2 dxc4 13. bxc4 exd4 14. exd4 Nb6 15. 0-0 Bg4 16. Qb3 Rad8 17. Rfe1 Rfe8 18. Bf1 Qc7 19. Rxe8+ Rxe8 20. Ne5 Rd8 21. c5 Nbd5 22. Nxd5 Rxd5 23. Bc4 Rxd4 24. Bxf7+ Kf8 25. Re1 Qa5 26. Kf1 Ne4 27. Qe3 Nd2+ 28. Kg1 Re4 29. Qxe4 Nxe4 30. Rxe4 Qxc5 31. h3 Bf5 32. Re3 g6 0-1

[Event "EU-chT Seniors 12th"]
[Site "Dresden"]
[Date "2010.02.10"]
[Round "1"]
[White "Mewes, Hans Dieter"]
[Black "MacDonald Ross, Michael"]
[Result "1/2-1/2"]
[WhiteElo "1924"]
[BlackElo "2176"]
[PlyCount "54"]
[EventDate "2010.02.10"]
[EventType "team-swiss"]
[EventRounds "9"]
[EventCountry "GER"]
[SourceTitle "CBM 134 Extra"]
[Source "ChessBase"]
[SourceDate "2010.03.03"]
[SourceVersion "1"]
[SourceVersionDate "2010.03.03"]
[SourceQuality "1"]
[WhiteTeam "Stoertebeker (Seniors)"]
[BlackTeam "England (Seniors)"]
[WhiteTeamCountry "GER"]
[BlackTeamCountry "ENG"]

1. d4 d5 2. c4 e6 3. Nf3 Nf6 4. Nc3 Be7 5. e3 0-0 6. Bd3 b6 7. Qe2 Bb7 8. 0-0 Ne4 9. cxd5 exd5 10. Bd2 Nd7 11. Ba6 Qc8 12. Bxb7 Qxb7 13. Nxe4 dxe4 14. Ne1 c5 15. Bc3 Nf6 16. dxc5 bxc5 17. b3 a5 18. Qc4 Qd5 19. Qxd5 Nxd5 20. Be5 a4 21. bxa4 Rxa4 22. Nc2 Bf6 23. Bxf6 Nxf6 24. Rfd1 Rb8 25. Rab1 Rxb1 26. Rxb1 Kf8 27. a3 Rc4 1/2-1/2

[Event "BCF-chT2d 0809 (4NCL) Demotion pool"]
[Site "Hinckley Island"]
[Date "2009.05.03"]
[Round "10.2"]
[White "De Coverly, Roger D"]
[Black "MacDonald Ross, Michael"]
[Result "0-1"]
[WhiteElo "2078"]
[BlackElo "2169"]
[PlyCount "92"]
[EventDate "2008.10.04"]
[EventType "team-tourn"]
[EventRounds "4"]
[EventCountry "ENG"]
[SourceTitle "EXT 2010"]
[Source "ChessBase"]
[SourceDate "2010.11.25"]
[SourceVersion "1"]
[SourceVersionDate "2010.11.25"]
[SourceQuality "1"]
[WhiteTeam "Wessex II"]
[BlackTeam "FCA Solutions"]
[WhiteTeamCountry "ENG"]
[BlackTeamCountry "ENG"]

1. Nf3 d5 2. g3 Nf6 3. Bg2 c6 4. 0-0 Bf5 5. b3 e6 6. Bb2 h6 7. d3 Be7 8. c4 0-0 9. Nbd2 Nbd7 10. Qc2 a5 11. a3 Qb6 12. Bc3 c5 13. cxd5 exd5 14. e4 Bh7 15. Nh4 Qa6 16. Nf5 Bxf5 17. exf5 Rac8 18. Rfe1 Bd6 19. a4 Rfe8 20. Rxe8+ Rxe8 21. d4 Qb6 22. Nf3 Ne4 23. Bb2 Ndf6 24. h3 Rc8 25. Ne5 Rc7 26. Qd1 c4 27. Ng4 Nxg4 28. hxg4 c3 29. Bc1 c2 30. Qe1 Qxd4 31. Be3 Qb2 32. Bxe4 dxe4 33. Kg2 Bb4 34. Qh1 Qf6 35. Rf1 Ba3 36. Bc1 Bxc1 37. Rxc1 Qc3 38. Kh3 Qd2 39. Qf1 Rc3 40. Kh4 Qg5+ 41. Kh3 h5 42. gxh5 Qxf5+ 43. Kg2 Qf3+ 44. Kg1 Qxh5 45. Qb5 Qd1+ 46. Qf1 Rd3 0-1

[Event "EU-chT Seniors 11th"]
[Site "Velden"]
[Date "2009.04.11"]
[Round "7"]
[White "MacDonald Ross, Michael"]
[Black "Gundersen, Helge Folmer"]
[Result "0-1"]
[WhiteElo "2169"]
[BlackElo "2247"]
[PlyCount "52"]
[EventDate "2009.04.05"]
[EventType "team-swiss"]
[EventRounds "9"]
[EventCountry "AUT"]
[SourceTitle "CBM 129 Extra"]
[Source "ChessBase"]
[SourceDate "2009.05.05"]
[SourceVersion "2"]
[SourceVersionDate "2009.05.20"]
[SourceQuality "1"]

1. d4 e6 2. Nf3 f5 3. g3 Nf6 4. Bg2 d5 5. 0-0 c6 6. c4 Bd6 7. b3 Qe7 8. Bb2 0-0 9. Nc3 Nbd7 10. Qc2 Ne4 11. e3 g5 12. Ne2 f4 13. exf4 gxf4 14. Rad1 Ndf6 15. Ne5 fxg3 16. hxg3 Bd7 17. Bc1 Bc7 18. f3 Nd6 19. Bg5 Qg7 20. Qc1 Nf5 21. Ng4 Nxg4 22. fxg4 Nxg3 23. Nxg3 Bxg3 24. Qe3 Bd6 25. Rxf8+ Rxf8 26. Bh6 Qxg4 0-1

[Event "EU-chT Seniors 11th"]
[Site "Velden"]
[Date "2009.04.10"]
[Round "6"]
[White "Micheli, Carlo"]
[Black "MacDonald Ross, Michael"]
[Result "1/2-1/2"]
[WhiteElo "2302"]
[BlackElo "2169"]
[PlyCount "105"]
[EventDate "2009.04.05"]
[EventType "team-swiss"]
[EventRounds "9"]
[EventCountry "AUT"]
[SourceTitle "CBM 129 Extra"]
[Source "ChessBase"]
[SourceDate "2009.05.05"]
[SourceVersion "2"]
[SourceVersionDate "2009.05.20"]
[SourceQuality "1"]

1. c4 e6 2. Nf3 Nf6 3. e3 d5 4. Nc3 Be7 5. Qc2 0-0 6. d4 Nbd7 7. b3 c5 8. Bb2 b6 9. Be2 Bb7 10. 0-0 Rc8 11. Rfd1 Bd6 12. a4 Qe7 13. a5 Bb8 14. axb6 axb6 15. Nb5 Ne4 16. Ne5 Rfd8 17. Bd3 Nf8 18. Qe2 f6 19. Nf3 Ng6 20. Nd2 f5 21. Nf1 Qg5 22. f3 Nf6 23. Bc1 Qh5 24. Qf2 Nh4 25. Be2 g5 26. e4 dxe4 27. d5 exf3 28. gxf3 e5 29. Ne3 Qg6 30. Kh1 Rd7 31. Rg1 Rg7 32. Ng2 Nxg2 33. Qxg2 h6 34. Bb2 Re8 35. Bd3 Nh5 36. Qc2 Rf7 37. Rae1 Nf4 38. Bf1 e4 39. fxe4 fxe4 40. Rg3 Rfe7 41. Rge3 Bc8 42. b4 Bg4 43. bxc5 bxc5 44. Kg1 Nd3 45. Bxd3 exd3 46. Rxe7 Rxe7 47. Qc3 Rxe1+ 48. Qxe1 Be2 49. d6 Bxd6 50. Nxd6 Qxd6 51. Qc3 Qd4+ 52. Qxd4 cxd4 53. Bxd4 1/2-1/2

[Event "BCF-chT2b 0809 (4NCL)"]
[Site "Hinckley Island"]
[Date "2008.10.04"]
[Round "1.4"]
[White "MacDonald Ross, Michael"]
[Black "Wittmann, Jochen"]
[Result "0-1"]
[WhiteElo "2169"]
[BlackElo "2190"]
[PlyCount "70"]
[EventDate "2008.10.04"]
[EventType "team-tourn"]
[EventRounds "7"]
[EventCountry "ENG"]
[SourceTitle "EXT 2010"]
[Source "ChessBase"]
[SourceDate "2010.11.25"]
[SourceVersion "1"]
[SourceVersionDate "2010.11.25"]
[SourceQuality "1"]
[WhiteTeam "FCA Solutions"]
[BlackTeam "Kings Head"]
[WhiteTeamCountry "ENG"]
[BlackTeamCountry "ENG"]

1. d4 f5 2. g3 Nf6 3. Bg2 g6 4. c4 Bg7 5. Nc3 d6 6. d5 e5 7. dxe6 Nc6 8. Nh3 Bxe6 9. Nd5 Bf7 10. 0-0 h6 11. Nhf4 0-0 12. Nxf6+ Qxf6 13. Nd5 Qd8 14. e4 fxe4 15. Bxe4 Re8 16. Qc2 Nd4 17. Qd3 c6 18. Nf4 g5 19. Bh7+ Kh8 20. Bg6 Qf6 21. Bxf7 Qxf7 22. Ng6+ Kg8 23. f4 Re6 24. f5 Nxf5 25. Qxf5 Qxg6 26. Qxg6 Rxg6 27. Be3 Re6 28. Bf2 Bxb2 29. Rab1 Re2 30. Rfd1 Rf8 31. Bxa7 c5 32. Rxd6 Bd4+ 33. Rxd4 cxd4 34. Bxd4 Rxa2 35. Rxb7 Rd8 0-1

[Event "BCF-chT3 0708 (4NCL)"]
[Site "Sunningdale"]
[Date "2008.05.04"]
[Round "10.3"]
[White "Spence, David"]
[Black "MacDonald Ross, Michael"]
[Result "1-0"]
[WhiteElo "2198"]
[BlackElo "2159"]
[PlyCount "31"]
[EventDate "2007.09.15"]
[EventType "team-tourn"]
[EventRounds "11"]
[EventCountry "ENG"]
[SourceTitle "EXT 2023"]
[Source "ChessBase"]
[SourceDate "2022.10.05"]
[SourceVersion "1"]
[SourceVersionDate "2022.10.05"]
[SourceQuality "1"]
[WhiteTeam "Anglian Avengers"]
[BlackTeam "FCA Solutions"]
[WhiteTeamCountry "ENG"]
[BlackTeamCountry "ENG"]

1. e4 d6 2. d4 Nf6 3. Nc3 c6 4. f4 Qa5 5. e5 Ne4 6. Qf3 Nxc3 7. Bd2 Bf5 8. Bd3 g6 9. bxc3 Qd5 10. Kf2 Nd7 11. Bxf5 gxf5 12. Qd3 Qe4 13. Nf3 Qxd3 14. cxd3 e6 15. Rhb1 0-0-0 16. Ng5 1-0

[Event "EU-chT Seniors 10th"]
[Site "Dresden"]
[Date "2008.02.16"]
[Round "6.3"]
[White "Montsma, Foppe Jan"]
[Black "MacDonald Ross, Michael"]
[Result "0-1"]
[WhiteElo "1959"]
[BlackElo "2154"]
[PlyCount "44"]
[EventDate "2008.02.11"]
[EventType "team-swiss"]
[EventRounds "9"]
[EventCountry "GER"]
[SourceTitle "CBM 122 Extra"]
[Source "ChessBase"]
[SourceDate "2008.03.04"]
[SourceVersion "1"]
[SourceVersionDate "2008.03.04"]
[SourceQuality "1"]
[WhiteTeam "DD Oranjeteam II"]
[BlackTeam "England II"]
[WhiteTeamCountry "NED"]
[BlackTeamCountry "ENG"]

1. Nc3 d5 2. e4 dxe4 3. Nxe4 Nf6 4. Ng5 h6 5. N5f3 Bg4 6. Bc4 e6 7. h3 Bh5 8. g4 Bg6 9. Ne5 Be4 10. Ngf3 Nbd7 11. Qe2 Nxe5 12. Nxe5 Qd4 13. 0-0 Qxe5 14. d3 Bc5 15. Be3 Bd5 16. Bxd5 Nxd5 17. d4 Bxd4 18. Qb5+ Ke7 19. Bxd4 Qxd4 20. Rad1 Qb6 21. Qe2 Rad8 22. Qe5 Nf6 0-1

[Event "ENG-ch Seniors"]
[Site "Dovedale"]
[Date "2008.02.01"]
[Round "5"]
[White "MacDonald Ross, Michael"]
[Black "Prizant, Michael"]
[Result "1/2-1/2"]
[WhiteElo "2154"]
[BlackElo "2169"]
[PlyCount "37"]
[EventDate "2008.01.28"]
[EventType "swiss"]
[EventRounds "5"]
[EventCountry "ENG"]
[SourceTitle "EXT 2009"]
[Source "ChessBase"]
[SourceDate "2008.11.26"]
[SourceVersion "1"]
[SourceVersionDate "2008.11.26"]
[SourceQuality "1"]

1. d4 d5 2. Nf3 e6 3. c4 c5 4. e3 Nc6 5. Nc3 Nf6 6. cxd5 exd5 7. Be2 a6 8. 0-0 Bd6 9. dxc5 Bxc5 10. b3 0-0 11. Bb2 Re8 12. Rc1 Ba7 13. Na4 Ne4 14. Nd4 Qd6 15. Nxc6 bxc6 16. Nc3 f5 17. Nxe4 fxe4 18. Qc2 Bd7 19. Bd4 1/2-1/2

[Event "BCF-chT3 0708 (4NCL)"]
[Site "Sunningdale"]
[Date "2008.01.12"]
[Round "5.4"]
[White "Smith, Ivor BN"]
[Black "MacDonald Ross, Michael"]
[Result "1/2-1/2"]
[WhiteElo "2123"]
[BlackElo "2154"]
[PlyCount "26"]
[EventDate "2007.09.15"]
[EventType "team-tourn"]
[EventRounds "11"]
[EventCountry "ENG"]
[SourceTitle "EXT 2023"]
[Source "ChessBase"]
[SourceDate "2022.10.05"]
[SourceVersion "1"]
[SourceVersionDate "2022.10.05"]
[SourceQuality "1"]
[WhiteTeam "Mindsports"]
[BlackTeam "FCA Solutions"]
[WhiteTeamCountry "ENG"]
[BlackTeamCountry "ENG"]

1. e4 c6 2. d4 d5 3. exd5 cxd5 4. c4 Nf6 5. Nc3 e6 6. Nf3 Bb4 7. cxd5 Nxd5 8. Bd2 0-0 9. Bd3 Nc6 10. h4 Nf6 11. Bg5 Qa5 12. Bd2 Qd8 13. Bg5 Qa5 1/2-1/2

[Event "BCF-chT3 0708 (4NCL)"]
[Site "Sunningdale"]
[Date "2007.09.15"]
[Round "1"]
[White "Thomas, Joseff"]
[Black "MacDonald Ross, Michael"]
[Result "0-1"]
[WhiteElo "2019"]
[BlackElo "2150"]
[PlyCount "82"]
[EventDate "2007.09.15"]
[EventType "team-tourn"]
[EventRounds "11"]
[EventCountry "ENG"]
[SourceTitle "CBM 120 Extra"]
[Source "ChessBase"]
[SourceDate "2007.11.01"]
[SourceVersion "1"]
[SourceVersionDate "2007.11.01"]
[SourceQuality "1"]
[WhiteTeam "SW Dragons II"]
[BlackTeam "FCA Solutions"]
[WhiteTeamCountry "ENG"]
[BlackTeamCountry "ENG"]

1. e4 c6 2. d4 d5 3. Nc3 dxe4 4. Bc4 Nf6 5. f3 e3 6. Bxe3 Nbd7 7. Nge2 Nb6 8. Bb3 a5 9. a3 a4 10. Ba2 Nbd5 11. Bg5 h6 12. Bxf6 gxf6 13. Nxd5 cxd5 14. Nf4 Ra5 15. Qd2 h5 16. Qe2 h4 17. 0-0 Bh6 18. Nd3 Rg8 19. Nb4 Bh3 20. Rf2 Kf8 21. Re1 e6 22. Kh1 Bf5 23. c4 dxc4 24. Qxc4 Kg7 25. Rd1 Qd6 26. d5 Bf4 27. Qe2 e5 28. Nd3 Bxh2 29. Kxh2 e4+ 30. Ne5 Qxe5+ 31. f4 Qd6 32. Qe1 Rc5 33. Qe3 Rgc8 34. Rd4 Rc1 35. g3 Ra1 36. Bc4 b5 37. Bxb5 Rcc1 38. Rf1 Rxf1 39. Bxf1 Rxf1 40. gxh4 Rxf4 41. Qg3+ Kh7 0-1

[Event "BCF-chT3 0607 (4NCL)"]
[Site "Sunningdale"]
[Date "2007.03.04"]
[Round "8.1"]
[White "Spice, Alan"]
[Black "MacDonald Ross, Michael"]
[Result "0-1"]
[WhiteElo "2185"]
[BlackElo "2143"]
[PlyCount "116"]
[EventDate "2006.09.16"]
[EventType "team"]
[EventRounds "11"]
[EventCountry "ENG"]
[SourceTitle "EXT 2008"]
[Source "ChessBase"]
[SourceDate "2007.11.25"]
[SourceVersion "1"]
[SourceVersionDate "2007.11.25"]
[SourceQuality "1"]
[WhiteTeam "SW Dragons II"]
[BlackTeam "FCA Solutions"]
[WhiteTeamCountry "ENG"]
[BlackTeamCountry "ENG"]

1. Nc3 d5 2. e4 c6 3. d4 dxe4 4. Nxe4 Nf6 5. Nxf6+ gxf6 6. Nf3 Bf5 7. g3 Qd5 8. Bg2 Qe4+ 9. Be3 Qxc2 10. 0-0 Qxd1 11. Raxd1 Be4 12. Rfe1 e6 13. Bf4 Bd5 14. Bxb8 Rxb8 15. Nh4 Kd7 16. Bxd5 cxd5 17. Rc1 Bb4 18. Re2 Rbc8 19. Rec2 Rxc2 20. Rxc2 Rc8 21. Rxc8 Kxc8 22. Nf3 Bd6 23. Kf1 Kd7 24. Ke2 e5 25. Ke3 Ke6 26. Nh4 Bc7 27. g4 exd4+ 28. Kd3 Bxh2 29. Nf5 Be5 30. Ng7+ Kd7 31. Nf5 Bd6 32. Kxd4 Kc6 33. Kd3 Be5 34. b3 Bd6 35. Nd4+ Kc5 36. Nf5 Be5 37. Ne3 a5 38. f3 Bd4 39. Nc2 Bf2 40. Ke2 Bg1 41. Kd3 Kd6 42. Ne1 f5 43. g5 Ke5 44. Ke2 Kf4 45. b4 b6 46. bxa5 bxa5 47. a4 Kxg5 48. Nd3 Bd4 49. Kf1 Bb6 50. Kg2 Bc7 51. Kf2 h5 52. Kg2 Bd6 53. Kh3 d4 54. Kg2 Kf6 55. Kh3 Ke6 56. Kh4 Kd5 57. Nb2 Ba3 58. Nd1 Bc1 0-1